书目信息 |
| 题名: |
论党的建设
|
|
| 作者: | 江泽民 著 | |
| 分册: | ||
| 出版信息: | 北京 中央文献出版社 2001 |
|
| 页数: | 548页 | |
| 开本: | 20cm | |
| 丛书名: | ||
| 单 册: | ||
| 中图分类: | D2-0 | |
| 科图分类: | ||
| 主题词: | 江泽民--著 , 中国共产党--党的建设--文集 | |
| 电子资源: | ||
| ISBN: | 7-5073-1081-7 | |
| 000 | 00569nam0 2200205 450 | |
| 001 | 0764757455 | |
| 005 | 20070708083920.51 | |
| 010 | @a7-5073-1081-7@dCNY30.00 | |
| 100 | @a20070707d2001 km y0chiy0120 ea | |
| 101 | 0 | @achi |
| 102 | @aCN@b110000 | |
| 200 | 1 | @a论党的建设@Alun dang de jian she@f江泽民著@Fjiang ze min zhu |
| 210 | @a北京@c中央文献出版社@d2001 | |
| 215 | @a548页@d20cm | |
| 606 | 0 | @a江泽民@x著 |
| 606 | 0 | @a中国共产党@x党的建设@x文集 |
| 690 | @aD2-0@v3 | |
| 701 | 0 | @a江泽民@Ajiang ze min@4著 |
| 801 | 0 | @aCN@bPFT@c20070708 |
| 905 | @a10447@dD2-0@e116 | |
| 论党的建设/江泽民著.-北京:中央文献出版社,2001 |
| 548页;20cm |
| ISBN 7-5073-1081-7:CNY30.00 |
| ● |
| 相关链接 |
|
|
|
|
正题名:论党的建设
索取号:D2-0/116
 
预约/预借
| 序号 | 登录号 | 条形码 | 馆藏地/架位号 | 状态 | 备注 |
| 1 | 0765797 | 207657971 | 第一样本阅览室/ [索取号:D2-0/116] | 在馆 | |
| 2 | 0768783 | 207687831 | 第一借阅区/ [索取号:D2-0/116] | 在馆 |